| 000 | 00472nam a2200145 4500 | ||
|---|---|---|---|
| 008 | 030116s1974 us eng | ||
| 020 | _a0830702199 | ||
| 090 | 0 |
_aBS1465.4 _bL32 |
|
| 100 | 1 | _aLarsen, Paul | |
| 245 | 1 | 0 |
_aWise up and live! : _bwisdom from Proverbs / _cPaul Larsen. |
| 260 |
_aCalifornia : _bRegal Books, _cc1974. |
||
| 300 |
_a239 p. : _bcharts |
||
| 650 | 4 |
_aBible. O.T. Proverbs _xCommentaries. |
|
| 951 |
_p8229 _oBS1465.4/L32 _j070613111209421 _d2000-12-21 _cGC |
||
| 999 |
_c14127 _d14127 |
||